[Event "Oberbayern-ch"]
[Site "Germany"]
[Date "1996.??.??"]
[Round "?"]
[White "Wolf, H."]
[Black "Krausser, Helmut"]
[Result "0-1"]
[WhiteElo "1990"]
[BlackElo "2130"]
[PlyCount "74"]
[EventDate "1996.??.??"]
[EventType "swiss"]
[EventRounds "7"]
[EventCountry "GER"]
[SourceTitle "EXT 2004"]
[Source "ChessBase"]
[SourceDate "2003.11.25"]
[SourceVersion "1"]
[SourceVersionDate "2003.11.25"]
[SourceQuality "1"]

1. d4 Nf6 2. Nf3 d5 3. c4 c6 4. e3 e6 5. Nc3 Be7 6. Qc2 0-0 7. b3 Nbd7 8. Bd3 Re8 9. 0-0 b6 10. Ne5 Bb7 11. f4 c5 12. Bd2 Nf8 13. g4 dxc4 14. bxc4 cxd4 15. Na4 b5 16. cxb5 dxe3 17. Bxe3 Qd5 18. Kf2 Nxg4+ 19. Nxg4 Qg2+ 20. Ke1 Qxg4 21. Qe2 Qh3 22. Nc5 Bxc5 23. Bxc5 Red8 24. Rd1 Rd7 25. Be3 Rad8 26. Bc2 Rxd1+ 27. Bxd1 Be4 28. Qf2 Ng6 29. Rg1 Qf5 30. Rg5 Qf6 31. Rc5 Nh4 32. Re5 Ng2+ 33. Ke2 Bd3+ 34. Kf3 Nh4+ 35. Kg4 Bf5+ 36. Kg3 Rxd1 37. Bxa7 Qg6+ 0-1

[Event "Regionalliga SO 9495"]
[Site "Bayern"]
[Date "1995.??.??"]
[Round "?.2"]
[White "Krausser, Helmut"]
[Black "Bichlmeier, Juergen"]
[Result "1/2-1/2"]
[WhiteElo "2080"]
[BlackElo "1970"]
[PlyCount "85"]
[EventDate "1994.10.??"]
[EventType "team-tourn"]
[EventRounds "9"]
[EventCountry "GER"]
[SourceTitle "EXT 1999"]
[Source "ChessBase"]
[SourceDate "1998.11.16"]
[SourceVersion "1"]
[SourceVersionDate "1998.11.16"]
[SourceQuality "1"]
[WhiteTeam "Unterpfaff Germering"]
[BlackTeam "Pfarrkirchen SC"]
[WhiteTeamCountry "GER"]
[BlackTeamCountry "GER"]

1. e4 e6 2. d4 d5 3. Nc3 Nc6 4. Nf3 Nf6 5. Bg5 Be7 6. e5 Ne4 7. Bxe7 Qxe7 8. a3 Nxc3 9. bxc3 Na5 10. Qb1 b6 11. Bd3 f5 12. 0-0 0-0 13. Nd2 c5 14. f4 Bd7 15. Kh1 c4 16. Be2 Nc6 17. Rf3 Be8 18. Rh3 Nd8 19. Nf3 Nf7 20. Qg1 Nh6 21. Ng5 Bg6 22. Rg3 Kh8 23. Qb1 Rae8 24. Qb4 Qxb4 25. cxb4 Nf7 26. Nxf7+ Bxf7 27. b5 a5 28. a4 Rg8 29. Rg1 g6 30. h4 h5 31. Ra1 Rc8 32. Raa3 Kh7 33. Rg5 Rc7 34. Rag3 Rcc8 35. c3 Kh6 36. Rf3 Kh7 37. Rf2 Rg7 38. Bf3 Rd8 39. Re2 Kg8 40. Rg3 Kf8 41. Kg1 Rg8 42. Kf2 Ke7 43. Re1 1/2-1/2

[Event "Casino op 3rd"]
[Site "Velden"]
[Date "1995.??.??"]
[Round "3"]
[White "Krausser, Helmut"]
[Black "Frosch, Ronald"]
[Result "1-0"]
[WhiteElo "2125"]
[BlackElo "1883"]
[PlyCount "69"]
[EventDate "1995.06.30"]
[EventType "swiss"]
[EventRounds "9"]
[EventCountry "AUT"]
[SourceTitle "EXT 2022"]
[Source "ChessBase"]
[SourceDate "2021.10.06"]
[SourceVersion "1"]
[SourceVersionDate "2021.10.06"]
[SourceQuality "1"]

1. d4 Nf6 2. Nf3 g6 3. g3 Bg7 4. Bg2 0-0 5. 0-0 d6 6. c4 Nbd7 7. Nc3 e5 8. e4 c6 9. Qc2 Qe7 10. Re1 Rb8 11. b4 b5 12. cxb5 cxb5 13. Bg5 h6 14. Nd5 Qe6 15. Bd2 Nxd5 16. exd5 Qe7 17. dxe5 dxe5 18. Nd4 Qd6 19. Nc6 Rb7 20. Be3 a6 21. Bc5 Nxc5 22. bxc5 Qf6 23. Nxe5 Re7 24. Nc6 Rxe1+ 25. Rxe1 Bf5 26. Qd2 h5 27. d6 Qc3 28. Qxc3 Bxc3 29. Re3 Bd2 30. Ne7+ Kh7 31. Nxf5 gxf5 32. c6 Bb4 33. Rd3 Kg7 34. c7 Ba5 35. Bb7 1-0

[Event "Regionalliga SO 9495"]
[Site "Bayern"]
[Date "1995.??.??"]
[Round "?.2"]
[White "Krausser, Helmut"]
[Black "Geller, Arpad"]
[Result "1/2-1/2"]
[WhiteElo "2080"]
[BlackElo "2285"]
[PlyCount "97"]
[EventDate "1994.10.??"]
[EventType "team-tourn"]
[EventRounds "9"]
[EventCountry "GER"]
[SourceTitle "EXT 1999"]
[Source "ChessBase"]
[SourceDate "1998.11.16"]
[SourceVersion "1"]
[SourceVersionDate "1998.11.16"]
[SourceQuality "1"]
[WhiteTeam "Unterpfaff Germering"]
[BlackTeam "Passau II"]
[WhiteTeamCountry "GER"]
[BlackTeamCountry "GER"]

1. d4 Nf6 2. Nf3 g6 3. c4 Bg7 4. Nc3 0-0 5. e4 d6 6. Be2 e5 7. 0-0 Nbd7 8. d5 Nc5 9. Qc2 a5 10. Ne1 Ne8 11. Nd3 f5 12. Nxc5 dxc5 13. Be3 b6 14. f3 Nd6 15. a4 f4 16. Bf2 Bf6 17. Nb5 Rf7 18. Qc3 Qe7 19. Rfd1 h5 20. Kf1 Ba6 21. Ke1 Bh4 22. Bxh4 Qxh4+ 23. Kd2 Bxb5 24. cxb5 Re8 25. Rh1 Qf2 26. Raf1 Qd4+ 27. Qxd4 exd4 28. b3 Kg7 29. Bd3 Rf6 30. Rhg1 Nf7 31. Re1 Ne5 32. Be2 g5 33. Ref1 Rg8 34. Rf2 Rg6 35. Rff1 Kf7 36. Rf2 R8g7 37. Rff1 Ke7 38. Rf2 Kf6 39. Rff1 Nf7 40. Rf2 Ke5 41. Rgf1 Rf6 42. Kd3 Nd6 43. h3 Rgg6 44. Rh1 Rh6 45. Rff1 Rfg6 46. Bd1 Nf7 47. Rh2 Kd6 48. Be2 Ne5+ 49. Kd2 1/2-1/2

[Event "Regionalliga SO 9495"]
[Site "Bayern"]
[Date "1995.??.??"]
[Round "?.2"]
[White "Krausser, Helmut"]
[Black "Graf, Christian"]
[Result "1-0"]
[WhiteElo "2080"]
[BlackElo "2165"]
[PlyCount "109"]
[EventDate "1994.10.??"]
[EventType "team-tourn"]
[EventRounds "9"]
[EventCountry "GER"]
[SourceTitle "EXT 1999"]
[Source "ChessBase"]
[SourceDate "1998.11.16"]
[SourceVersion "1"]
[SourceVersionDate "1998.11.16"]
[SourceQuality "1"]
[WhiteTeam "Unterpfaff Germering"]
[BlackTeam "Pang/Rosenheim II"]
[WhiteTeamCountry "GER"]
[BlackTeamCountry "GER"]

1. d4 d5 2. Nf3 Nf6 3. c4 c6 4. Nc3 dxc4 5. a4 Bg4 6. e3 e5 7. Bxc4 exd4 8. exd4 Bxf3 9. Qxf3 Qxd4 10. Qe2+ Be7 11. 0-0 Nbd7 12. Be3 Qe5 13. f4 Qh5 14. Qxh5 Nxh5 15. g4 Nhf6 16. g5 Ng8 17. Rad1 Nb6 18. Bb3 Rd8 19. Rxd8+ Bxd8 20. Re1 Ne7 21. Bc5 Nd7 22. Bd6 g6 23. Ne4 Nb6 24. Be5 Rg8 25. Nf6+ Kf8 26. Nxh7+ Ke8 27. Nf6+ Kf8 28. Nxg8 Nxg8 29. Bd6+ Be7 30. Be5 Bc5+ 31. Kg2 Ne7 32. h4 Nf5 33. Kh3 Nd5 34. Bxd5 cxd5 35. Rc1 b6 36. a5 Ke7 37. axb6 axb6 38. Ra1 Ke6 39. Kg4 Ne3+ 40. Kf3 Nf5 41. Rh1 Nd6 42. Bxd6 Bxd6 43. h5 gxh5 44. Rxh5 Bc5 45. Rh6+ Kd7 46. f5 Bd4 47. b3 Ke7 48. Rh7 Ke8 49. f6 Be5 50. Kg4 Bd6 51. Kf5 d4 52. g6 fxg6+ 53. Ke6 Bc5 54. Rh8+ Bf8 55. f7+ 1-0

[Event "Casino op 3rd"]
[Site "Velden"]
[Date "1995.??.??"]
[Round "5"]
[White "Krausser, Helmut"]
[Black "Sulava, Nenad"]
[Result "1-0"]
[WhiteElo "2185"]
[BlackElo "2390"]
[PlyCount "49"]
[EventDate "1995.06.30"]
[EventType "swiss"]
[EventRounds "9"]
[EventCountry "AUT"]
[SourceTitle "EXT 1997"]
[Source "ChessBase"]
[SourceDate "1996.11.15"]
[SourceVersion "1"]
[SourceVersionDate "1996.11.15"]
[SourceQuality "1"]

1. d4 Nf6 2. Nf3 d5 3. c4 c6 4. Nc3 e6 5. Bg5 dxc4 6. e4 b5 7. e5 h6 8. Bh4 g5 9. Nxg5 Nd5 10. Nf3 Qa5 11. Qd2 b4 12. Ne4 c3 13. bxc3 bxc3 14. Qc2 Na6 15. Bc4 Ba3 16. 0-0 Nab4 17. Qb3 c2 18. Nfd2 Ba6 19. Bxa6 Qxa6 20. Nc4 c1Q 21. Rfxc1 Bxc1 22. Nc5 Bb2 23. Nxa6 Bxa1 24. Nc7+ Kd7 25. Nxd5 1-0

[Event "Berliner Sommer 12th"]
[Site "Berlin"]
[Date "1994.08.16"]
[Round "?"]
[White "Kalinitschew, Sergey"]
[Black "Krausser, Helmut"]
[Result "1-0"]
[WhiteElo "2485"]
[BlackElo "2270"]
[PlyCount "51"]
[EventDate "1994.08.??"]
[EventType "swiss"]
[EventRounds "9"]
[EventCountry "GER"]
[SourceTitle "EXT 1997"]
[Source "ChessBase"]
[SourceDate "1996.11.15"]
[SourceVersion "1"]
[SourceVersionDate "1996.11.15"]
[SourceQuality "1"]

1. d4 d5 2. c4 dxc4 3. e3 e6 4. Bxc4 Nf6 5. Nf3 Be7 6. 0-0 0-0 7. Qe2 a6 8. a4 Nc6 9. Rd1 Nb4 10. Nc3 c6 11. e4 Qc7 12. e5 Nfd5 13. Ng5 h6 14. Nge4 Rd8 15. Bd3 Nxd3 16. Rxd3 f5 17. exf6 Nxf6 18. Rg3 Kh8 19. Qf3 Nxe4 20. Nxe4 Rf8 21. Qh5 Rf5 22. Qg4 Bf6 23. Bxh6 Bxd4 24. Rd1 Bxb2 25. Bxg7+ Qxg7 26. Rd8+ 1-0

[Event "Berliner Sommer 12th"]
[Site "Berlin"]
[Date "1994.??.??"]
[Round "?"]
[White "Erneste, Inguna"]
[Black "Krausser, Helmut"]
[Result "1-0"]
[WhiteElo "2285"]
[BlackElo "2270"]
[PlyCount "93"]
[EventDate "1994.08.??"]
[EventType "swiss"]
[EventRounds "9"]
[EventCountry "GER"]
[SourceTitle "EXT 1997"]
[Source "ChessBase"]
[SourceDate "1996.11.15"]
[SourceVersion "1"]
[SourceVersionDate "1996.11.15"]
[SourceQuality "1"]

1. e4 e5 2. Nf3 Nc6 3. Bb5 a6 4. Ba4 Nf6 5. 0-0 b5 6. Bb3 Be7 7. d4 d6 8. c3 0-0 9. Nbd2 Bg4 10. h3 Bh5 11. d5 Na5 12. Bc2 c5 13. Re1 Qd7 14. Nf1 Bg6 15. Ng3 Bd8 16. Nh2 Bb6 17. Ng4 Nxg4 18. hxg4 c4 19. Nf5 Nb7 20. g3 f6 21. Kg2 a5 22. Bd2 Nc5 23. Qe2 Rfc8 24. Rh1 Na6 25. Rac1 b4 26. Bd1 bxc3 27. Rxc3 Bd4 28. Rxc4 Bxf5 29. gxf5 Rxc4 30. Qxc4 Nc5 31. Qc2 Qb5 32. b3 Rc8 33. Rf1 Qa6 34. Qb1 Nd3 35. Kf3 g5 36. Be2 g4+ 37. Kxg4 Nxf2+ 38. Rxf2 Qb7 39. Rh2 Bc3 40. Bh6 Qb4 41. Qc2 Qd4 42. Bc4 Kh8 43. Kf3 Rg8 44. Rg2 Be1 45. Be3 Qa1 46. Rg1 h5 47. Bf2 1-0

[Event "Berliner Sommer 12th"]
[Site "Berlin"]
[Date "1994.??.??"]
[Round "?"]
[White "Krausser, Helmut"]
[Black "Kula, Robert"]
[Result "1/2-1/2"]
[WhiteElo "2270"]
[BlackElo "2305"]
[PlyCount "42"]
[EventDate "1994.08.??"]
[EventType "swiss"]
[EventRounds "9"]
[EventCountry "GER"]
[SourceTitle "EXT 1997"]
[Source "ChessBase"]
[SourceDate "1996.11.15"]
[SourceVersion "1"]
[SourceVersionDate "1996.11.15"]
[SourceQuality "1"]

1. d4 d5 2. Nf3 Nf6 3. c4 c6 4. Nc3 e6 5. Bg5 dxc4 6. e4 b5 7. e5 h6 8. Bh4 g5 9. Nxg5 hxg5 10. Bxg5 Bg7 11. exf6 Bxf6 12. Bxf6 Qxf6 13. g3 Na6 14. Bg2 Bb7 15. Nxb5 0-0-0 16. Qa4 cxb5 17. Bxb7+ Kxb7 18. Qxb5+ Ka8 19. Qxa6 Kb8 20. Qb5+ Ka8 21. Qc6+ Kb8 1/2-1/2